Statistics for FC 24 Euro 2024

Click here to take the quiz!

General Stats

  • This quiz has been taken 25 times
  • The average score is 5 of 6

Answer Stats

ratposclubplaeyr% Correct
Euro 202489CBLiverpoolVirgil van Dijk
96%
Euro 202486LWManchester CityJack Grealish
91%
Euro 202485STAtlético MadridÁlvaro Morata
78%
Euro 202486RWParis Saint-GermainOusmane Dembélé
78%
Euro 202484LMJuventusFederico Chiesa
74%
Euro 202486CAMBayer LeverkusenFlorian Wirtz
70%

Score Distribution

Percentile by Number Answered

Percent of People with Each Score

Your Score History

You have not taken this quiz